| 000 -LEADER |
| fixed length control field |
01537cam a2200265 a 4500 |
| 001 - CONTROL NUMBER |
| control field |
.b20430012 |
| 003 - CONTROL NUMBER IDENTIFIER |
| control field |
OSt |
| 005 - DATE AND TIME OF LATEST TRANSACTION |
| control field |
20230228085715.0 |
| 008 - FIXED-LENGTH DATA ELEMENTS--GENERAL INFORMATION |
| fixed length control field |
070327s2006 nyua j 000 1 eng d |
| 010 ## - LIBRARY OF CONGRESS CONTROL NUMBER |
| LC control number |
2005906825 |
| 020 ## - INTERNATIONAL STANDARD BOOK NUMBER |
| International Standard Book Number |
9781423100720 (hbk.) |
| 040 ## - CATALOGING SOURCE |
| Original cataloging agency |
JBO |
| Transcribing agency |
JBO |
| Modifying agency |
BAKER |
| -- |
DLC |
| -- |
KH8 |
| 082 04 - DEWEY DECIMAL CLASSIFICATION NUMBER |
| Classification number |
808.068 DIS |
| 245 10 - TITLE STATEMENT |
| Title |
Disney princess, princess collection. |
| 246 3# - VARYING FORM OF TITLE |
| Title proper/short title |
Princess collection. |
| 250 ## - EDITION STATEMENT |
| Edition statement |
2nd ed. |
| 260 ## - PUBLICATION, DISTRIBUTION, ETC. |
| Place of publication, distribution, etc. |
New York : |
| Name of publisher, distributor, etc. |
Disney Press, |
| Date of publication, distribution, etc. |
c2006. |
| 300 ## - PHYSICAL DESCRIPTION |
| Extent |
301 p. : |
| Other physical details |
col. ill. ; |
| Dimensions |
24 cm. |
| 500 ## - GENERAL NOTE |
| General note |
"A treasury of tales"--Cover. |
| 505 0# - FORMATTED CONTENTS NOTE |
| Formatted contents note |
The little mermaid: Ariel's true love -- Snow White and the seven dwarfs: Friends to count on -- Beauty and the beast: An enchanted place -- Cinderella: The mice save the day -- Mulan: A time for courage -- A bug's life: For the love of a princess -- Aladdin: The princess who didn't want to marry -- Sleeping Beauty: Falling in love -- The little mermaid: Where's flounder? -- Pocahontas: Listen to your heart -- Beauty and the Beast: Sweet surprise -- Sleeping Beauty: Briar Rose to the rescue -- Cinderella: A royal friend -- The lion king II: Simba's pride: Love withstands anything -- Beauty and the Beast: Belle's special treat -- Aladdin: A rich friendship -- The little mermaid: A whale of a time -- Cinderella: The dance lesson -- Snow White and the seven dwarfs: A royal visit. |
| 520 ## - SUMMARY, ETC. |
| Summary, etc. |
A collection of Disney princess stories. |
| 650 #0 - SUBJECT ADDED ENTRY--TOPICAL TERM |
| Topical term or geographic name entry element |
Princesses |
| Form subdivision |
Juvenile fiction. |
| 710 ## - ADDED ENTRY--CORPORATE NAME |
| Corporate name or jurisdiction name as entry element |
Disney Press |
| Relator term |
Compiler |
| 942 ## - ADDED ENTRY ELEMENTS (KOHA) |
| Source of classification or shelving scheme |
|
| Koha item type |
Books - Non Ficton |